000 00343nam a2200109Ia 4500
008 171211s9999 xx 000 0 und d
245 _aEconomic Market Design and Planning for Electric Power Systems
245 _cJames Momoh and Lamine Mili
260 _c2010
650 _xECONOMICS
856 _uhttp://down.ebook777.com/064/9780470472088.pdf
999 _c349533
_d349533